Wird geladen...
Kurumuniyude nattil
| 1. Verfasser: | |
|---|---|
| Format: | Printed Book |
| Sprache: | Undetermined |
| Veröffentlicht: |
The new media space books TVM,
2015
|
| Schlagworte: |
| LEADER | 00471nam a2200145Ia 4500 | ||
|---|---|---|---|
| 008 | 200324s9999 xx 000 0 und d | ||
| 082 | |a 954.83 |b AJI.K | ||
| 100 | |a Ajith,Kiliyoor | ||
| 245 | 0 | |a Kurumuniyude nattil | |
| 260 | |b The new media space books TVM, |c 2015 | ||
| 300 | |a 880p. | ||
| 650 | |a kerala history | ||
| 942 | |c BK | ||
| 999 | |c 290038 |d 290038 | ||
| 952 | |0 0 |1 0 |4 0 |6 954_830000000000000_AJI_K |7 0 |9 308571 |a SDE |b SDE |d 2019-06-25 |l 0 |o 954.83 AJI.K |p SDE26583 |r 2020-03-27 |w 2020-03-27 |y BK | ||